Подвиг студента Пчелинцева; Труды V юбилейной региональной научно-практической военно-исторической конференции с международным участием студентов и учащейся молодёжи "Салют, Победа!", посвящённой 64-й годовщине Победы в Великой Отечественной войне 1941-1945 гг., 7 мая 2009 г., Юрга

Bibliografiske detaljer
Parent link:Труды V юбилейной региональной научно-практической военно-исторической конференции с международным участием студентов и учащейся молодёжи "Салют, Победа!", посвящённой 64-й годовщине Победы в Великой Отечественной войне 1941-1945 гг., 7 мая 2009 г., Юрга.— 2009.— С. 73-77
Hovedforfatter: Севастьянов Ф. Л.
Andre forfattere: Епифанцев К. В. (научный руководитель)
Sprog:russisk
Udgivet: 2009
Fag:
Format: MixedMaterials Book Chapter
KOHA link:https://koha.lib.tpu.ru/cgi-bin/koha/opac-detail.pl?biblionumber=169223

MARC

LEADER 00000naa2a2200000 4500
001 169223
005 20231031163340.0
035 |a (RuTPU)RU\TPU\book\183562 
090 |a 169223 
100 |a 20091109d2009 k y0rusy50 ca 
101 0 |a rus 
102 |a RU 
200 1 |a Подвиг студента Пчелинцева  |f Ф. Л. Севастьянов, К. В. Епифанцев  |g науч. рук. Ф. Л. Севастьянов 
320 |a Библиогр.: 5 назв. 
463 0 |0 (RuTPU)RU\TPU\book\176251  |t Труды V юбилейной региональной научно-практической военно-исторической конференции с международным участием студентов и учащейся молодёжи "Салют, Победа!", посвящённой 64-й годовщине Победы в Великой Отечественной войне 1941-1945 гг., 7 мая 2009 г., Юрга  |f Томский политехнический университет (ТПУ), Юргинский технологический институт (ЮТИ) ; Региональная научно-практическая военно-историческая конференция, посвященная 64-й годовщине Победы, труды ; под ред. Д. А. Чинахова  |v С. 73-77  |d 2009  |p 141 с. 
601 0 2 |a Ленинградский Горный институт 
610 1 |a Великая Отечественная война 
610 1 |a студенты 
610 1 |a народное ополчение 
610 1 |a труды учёных ТПУ 
700 1 |a Севастьянов  |b Ф. Л. 
701 1 |a Епифанцев  |b К. В. 
702 1 |a Севастьянов  |b Ф. Л.  |4 727 
801 1 |a RU  |b 63413507  |c 20091109 
942 |c BK